00186 a2200085 4500001000700000020001800007040003200025100002000057245002300077123223 a9788578274757 cEscola Canadense de Niteroi aLeite, Cobucci 10aFábulas de Esopo